00306nam a2200121Ia 4500008004100000100002600041245004500067260002100112300000800133650002100141942000700162999001500169190216s9999||||xx |||||||||||||| ||und|| aAchuth Shankar S Nair 0aBasic Padichu Thudangam Computer Science bBhasha Institute a110 aComputer Science cBK c8542d8542